El oficio de la ciudadanía : introducción a la educación política /
Obra que intenta responder al tipo de educación ciudadana que requiere la sociedad de hoy para responder a los retos del presente siglo XXI. Para ello, el autor plantea la dicotomía que existe entre filosofía y política, entre los modelos políticos de justicia y comunidad; para después abordar las d...
Kaydedildi:
| Yazar: | |
|---|---|
| Materyal Türü: | Kitap |
| Dil: | İspanyolca |
| Baskı/Yayın Bilgisi: |
Barcelona, España :
Paidós,
2000, c1997
|
| Seri Bilgileri: | (Papeles de Pedagogía ;
33) |
| Konular: | |
| Etiketler: |
Etiket eklenmemiş, İlk siz ekleyin!
|
MARC
| LEADER | 00000nam^a2200000^a^4500 | ||
|---|---|---|---|
| 001 | 000186889 | ||
| 005 | 20250521000000.0 | ||
| 009 | 20260310102240.47 | ||
| 020 | |a 84-493-0425-3 | ||
| 037 | |a Acervo ITESO - Biblioteca | ||
| 041 | |a ESP | ||
| 082 | |a 370. 115 |b BAR | ||
| 100 | |a Bárcena, Fernando |e (autor) | ||
| 245 | 1 | 3 | |a El oficio de la ciudadanía : |b introducción a la educación política / |c F. Bárcena. |
| 264 | 4 | |a Barcelona, España : |b Paidós, |c 2000, c1997 | |
| 300 | |a 301 p. | ||
| 336 | |a texto |b txt |2 rdacontenido | ||
| 337 | |a sin mediación |b n |2 rdamedio | ||
| 338 | |a volumen |b nc |2 rdasoporte | ||
| 440 | 1 | |a (Papeles de Pedagogía ; |v 33) | |
| 520 | |a Obra que intenta responder al tipo de educación ciudadana que requiere la sociedad de hoy para responder a los retos del presente siglo XXI. Para ello, el autor plantea la dicotomía que existe entre filosofía y política, entre los modelos políticos de justicia y comunidad; para después abordar las dimensiones de la educación política, a partir del pensamiento de Hanna Arendt. | ||
| 649 | |a XX | ||
| 650 | |a Politólogos Alemanes | ||
| 650 | |a Filósofos Alemanes | ||
| 650 | |a Mujeres Alemanas | ||
| 650 | |a Cultura Política | ||
| 650 | |a Ciudadanía | ||
| 650 | |a Participación Política | ||
| 650 | |a Cultura Política | ||
| 650 | |a Democracia | ||
| 650 | |a Etica Política | ||
| 650 | |a Filosofía Política | ||
| 650 | |a Educación y Política | ||
| 650 | |a Sociología de la Educación | ||
| 650 | |a Arendt, Hannah | ||
| 910 | |a Fondo General | ||
| 920 | |a Impresos - Libros | ||
| 930 | |a Colección General | ||
| 905 | |a 101 | ||
| 901 | |a 0500128586 |b IT1 |c ACC |u 20250521 | ||
| 902 | |a https://opac.biblio.iteso.mx/vufind/Record/000186889 | ||